Devine le logo de musique - Statistiques

Statistiques générales
  • Ce quiz a été pris 48 fois
  • Le résultat moyen est 4 sur 10
Statistiques - réponses
Par images Réponse % Correct
The rolling stones
95%
Pink Floyd
88%
Nirvana
86%
red hot chili peppers
64%
Coldplay
38%
Linkin Park
29%
Twenty One Pilots
14%
Radiohead
12%
Slipknot
10%
Wu-Tang Clan
10%
Aucun quiz correspondant
Distribution des résultats
% des personnes avec chaque résultat
Percentile par nombre de réponses
Votre historique - résultats
Vous n’avez pas pris ce quiz